Aktuálne problémy oceňovania MSP v SR

Problematika oceňovania MSP z pohľadu predaja alebo likvidácie. Stanovenie hodnoty podnikov a vznik vyhlášky 255/2000 Z.z. Metódy a aplikácie znaleckých postupov pre MSP. Medzinárodné ohodnocovacie štandardy (Internacional Valuation Standards), IVS.

Guardado en:
Detalles Bibliográficos
Autor principal: Kubica, Milan, 1958-
Otros Autores: Tóth, Miroslav, 1961-
Formato: Capítulo de libro
Lenguaje:eslovaco
Materias:
Etiquetas: Agregar Etiqueta
Sin Etiquetas, Sea el primero en etiquetar este registro!

MARC

LEADER 00000naa$a2200000$$$4500
001 0109080
005 20240521121238.2
041 0 |a slo 
044 |a SK 
245 1 0 |a Aktuálne problémy oceňovania MSP v SR  |c Milan Kubica, Miroslav Tóth 
520 |a Problematika oceňovania MSP z pohľadu predaja alebo likvidácie. Stanovenie hodnoty podnikov a vznik vyhlášky 255/2000 Z.z. Metódy a aplikácie znaleckých postupov pre MSP. Medzinárodné ohodnocovacie štandardy (Internacional Valuation Standards), IVS. 
610 2 0 |a podnik malý 
610 2 0 |a podnik stredný 
610 2 0 |a oceňovanie 
610 2 0 |a konkurzy 
610 2 0 |a vyrovnanie 
610 2 0 |a likvidita podniku 
100 1 |a Kubica, Milan, 1958- 
700 1 |a Tóth, Miroslav, 1961-